000 00354nam a2200133Ia 4500
008 240624s9999 xx 000 0 und d
041 _aeng
082 _a658.155 GAL
100 _aGALIZIA FEDERICO
245 _aMANAGING SYSTEMIC EXPOSURE A RISK MANAGE
260 _c2013
_aLondon
_bRisk Books
300 _axxv, : 270 : p. : cm. ; 23
365 _cGBP
_b50
999 _c27270
_d27270